| 000 | 00679cam a2200253 4500 | ||
|---|---|---|---|
| 001 | 378313 | ||
| 005 | 20171222041653.0 | ||
| 008 | 730117s1973 nyua b 001 0beng | ||
| 010 | _a 78105488 | ||
| 020 |
_a0060247797 _a0060247800 (lib. ed.) |
||
| 040 |
_aDLC _cDLC _dDLC |
||
| 041 | _aeng | ||
| 042 | _alcac | ||
| 043 | _ae-ur--- | ||
| 080 | _a947.05 | ||
| 082 | 0 | 0 |
_a947.05 PUT _aB _a92 |
| 100 | 1 | _a17 | |
| 101 | _aHIS | ||
| 245 | 1 | 0 |
_aPeter, the revolutionary tsar, _cby Peter Brock Putnam. Maps and illus. by Laszlo Kubinyi. |
| 350 | _a$7.95 | ||
| 504 | _aBibliography: p. [255]-259. | ||
| 906 |
_a7 _bcbc _corignew _d1 _encip _f19 _gy-gencatlg |
||
| 942 |
_2ddc _cBK |
||
| 999 |
_c39318 _d39318 |
||